Diseño de prótesis parcial removible: secuencia paso a paso (Registro nro. 1512)

Detalles MARC
000 -Cabecera
Campo de control de longitud fija 00848ata a2200313 4500
005 - Fecha y hora de la última transacción
Campo de control 20260428173715.0
008 - Elementos de longitud fija--Información general
Campo de control de longitud fija 150626b2005 xxu||||| |||| 00| 0 spa d
020 ## - International Standard Book Number
Número Internacional Estándar del Libro (ISBN) 986574400
041 ## - Idioma
Código de idioma Español
082 ## - Clasificación Decimal Dewey
Número de clasificación 617.692 G216d
100 ## - Entrada principal--Autor personal
Nombre personal García Micheelsen, José Luis
100 ## - Entrada principal--Autor personal
Nombre personal Olavarría Astudillo, Luis Enrique
9 (RLIN) 14275
245 ## - Título propiamente dicho
Título Diseño de prótesis parcial removible: secuencia paso a paso
260 ## - Pie de imprenta
Lugar de publicación, distribución, etc. Colombia
260 ## - Pie de imprenta
Nombre del editor, distribuidor, etc. AMOLCA
260 ## - Pie de imprenta
Fecha de publicación, distribución, etc. 2005
300 ## - Descripción física
Extensión 196 páginas
300 ## - Descripción física
Otras características físicas Ilustraciones a color
490 ## - Serie
Título de la Serie Mecánica Dental
650 ## - Materia general
Temática (materia general) PRÓTESIS DENTALES
650 ## - Materia general
Temática (materia general) PRÓTESIS PARCIAL REMOVIBLE
650 ## - Materia general
Temática (materia general) PARALELOGRAFO
650 ## - Materia general
Temática (materia general) RETENEDORES EXTRACORONARIOS
650 ## - Materia general
Temática (materia general) ANCLAJE
650 ## - Materia general
Temática (materia general) IMPLANTES
650 ## - Materia general
Temática (materia general) CONECTORES
650 ## - Materia general
Temática (materia general) CINEMÁTICA
942 ## - Punto de acceso adicional KOHA
Tipo de ítem KOHA Libro
Fuente del sistema de clasificación o colocación Dewey Decimal Classification
Existencias
Signatura completa Código de barras Programa Académico Tipo de ítem
617.692 G216d 2145 Mecánica Dental Libro
617.692 G216d 2143 Mecánica Dental Libro
617.692 G216d 2144   Libro
617.692 G216d 21376 Mecánica Dental Libro
617.692 G216d 21375 Mecánica Dental Libro